| Tag |
First Indicator |
Second Indicator |
Subfields |
| LEADER |
00000cgm a2200000Ia 4500 |
| 001 |
in00002074113 |
| 005 |
20151102124746.0 |
| 007 |
vd bgaizu |
| 008 |
050825p20041947an 028 vleng d |
| 024 |
3 |
|
|a 8436028690398
|
| 028 |
4 |
2 |
|a 2869039
|b EforFilms
|
| 035 |
|
|
|a (OCoLC)ocm61346261
|
| 040 |
|
|
|a JHP
|c JHP
|d JHP
|d TXA
|d UtOrBLW
|
| 049 |
|
|
|a TXAM
|
| 090 |
|
|
|a M1366.G55
|b C43 2004
|
| 245 |
0 |
0 |
|a Charlie Parker & Dizzy Gillespie :
|b the founding fathers of be bop.
|
| 246 |
3 |
0 |
|a Charlie Parker and Dizzy Gillespie :
|b the founding fathers of be bop
|
| 246 |
3 |
0 |
|a Founding fathers of be bop
|
| 246 |
3 |
|
|a Founding fathers of bebop
|
| 264 |
|
1 |
|a Andorra (P.O. Box BP174 ) :
|b EforFilms :
|c [2004]
|
| 264 |
|
2 |
|a Andorra (P.O. Box BP174 ) :
|b Distributed by Disconforme,
|
| 300 |
|
|
|a 1 videodisc (28 min.) :
|b sound, black and white ;
|c 4 3/4 in.
|
| 336 |
|
|
|a two-dimensional moving image
|b tdi
|2 rdacontent
|
| 337 |
|
|
|a video
|b v
|2 rdamedia
|
| 338 |
|
|
|a videodisc
|b vd
|2 rdacarrier
|
| 490 |
1 |
|
|a Stars of jazz
|
| 538 |
|
|
|a DVD; all (NTSC) regions.
|
| 511 |
0 |
|
|a Track 1: Dizzy Gillespie, trumpet ; Charlie Parker, alto saxophone ; Dick Hyman, piano ; Sandy Block, bass ; Charlie Smith, drums.
|
| 511 |
0 |
|
|a Tracks 2-9: Dizzy Gillespie and his orchestra ; Dizzy Gillespie, trumpet and vocal ; Dave Burns, Elmon Wright, Matthew McKay, John Lynch, trumpet ; Al Moore, Taswell Baird, Gordon Thomas, trombone ; John Brown, Scoops Carey, alto saxophone ; James Moody, Bill Frazier, tenor saxophone ; Pee Wee Moore, baritone saxophone ; John Lewis, piano ; Milt Jackson, vibraphone ; Ray Brown, bass ; Joe Harris, drums ; Helen Humes, Kenny Hagood, vocals ; Gil Fuller, arranger.
|
| 511 |
0 |
|
|a Track 10: Dizzy Gillespie, trumpet ; Leo Wright, alto saxophone ; Lalo Schiffrin, piano ; Bob Cunningham, bass ; Chuck Lampkin, drums.
|
| 520 |
|
|
|a Performance footage collection featuring Parker and Gillespie with accompanying musicians, recorded from 1947 to 1961.
|
| 505 |
0 |
|
|a Hot house / T. Dameron -- Oop bop sh'bam / Fuller-Gillespie -- I waited for you / Fuller-Gillespie -- Crazy about a man / H. Humes -- One bass hit / Fuller-Gillespie -- He beeped when he should have bopped / D. Gillespie -- Things to come / Fuller-Gillespie -- Lorraine / D. Gillespie.
|
| 500 |
|
|
|a Disc does not include titles listed on container: Salt peanuts; Be bab a lee'ba.
|
| 500 |
|
|
|a Videorecording.
|
| 650 |
|
0 |
|a Bop (Music)
|
| 650 |
|
0 |
|a Trumpet with jazz ensemble.
|
| 650 |
|
0 |
|a Jazz
|y 1941-1950.
|
| 650 |
|
0 |
|a Jazz
|y 1961-1970.
|
| 700 |
1 |
|
|a Gillespie, Dizzy,
|d 1917-1993.
|
| 700 |
1 |
|
|a Parker, Charlie,
|d 1920-1955.
|
| 700 |
1 |
|
|a Hyman, Dick,
|d 1927-
|
| 700 |
1 |
|
|a Smith, Charlie,
|d 1927-1966.
|
| 700 |
1 |
|
|a Block, Sandy,
|d 1917-1985.
|
| 700 |
1 |
|
|a Humes, Helen.
|
| 700 |
1 |
|
|a Fuller, Gil,
|d 1920-1994.
|
| 700 |
1 |
|
|a Dameron, Tadd,
|d 1917-1965.
|
| 700 |
1 |
|
|a Hagood, Kenny,
|d 1926-1989.
|
| 710 |
2 |
|
|a EFOR Films.
|
| 710 |
2 |
|
|a Disconforme (Firm)
|
| 740 |
0 |
2 |
|a Hot house.
|
| 740 |
0 |
2 |
|a Oop bop sh'bam.
|
| 740 |
0 |
2 |
|a I waited for you.
|
| 740 |
0 |
2 |
|a Crazy about a man.
|
| 740 |
0 |
2 |
|a One bass hit.
|
| 740 |
0 |
2 |
|a He beeped when he should have bopped.
|
| 740 |
0 |
2 |
|a Things to come.
|
| 740 |
0 |
2 |
|a Lorraine.
|
| 830 |
|
0 |
|a Stars of jazz.
|
| 994 |
|
|
|a C0
|b TXA
|
| 948 |
|
|
|a cataloged
|b h
|c 2005/10/14
|d c
|e jho
|f 5:18:38 pm
|
| 949 |
|
|
|a Record enhanced
|b h
|c 2005/10/14
|e jho
|f 5:18:42 pm
|
| 999 |
|
|
|a MARS
|
| 999 |
f |
f |
|s 77e6c0d8-ca4e-3a76-9620-f97676b4fc6b
|i cfa7e52e-2d9d-3e56-a1bb-e966d9d69987
|t 0
|
| 952 |
f |
f |
|p ric
|a Texas A&M University
|b Rellis Campus
|c Joint Library Facility
|d Remote Storage
|t 0
|e M1366.G55 C43 2004
|h Library of Congress classification
|i video -- videodisc
|m A14832903867
|
| 952 |
f |
f |
|p ric
|a Texas A&M University
|b Rellis Campus
|c Joint Library Facility
|d Remote Storage
|t 0
|e M1366.G55 C43 2004
|h Library of Congress classification
|i video -- videodisc
|m A14832903906
|
| 998 |
f |
f |
|a M1366.G55 C43 2004
|t 0
|l Remote Storage
|
| 998 |
f |
f |
|a M1366.G55 C43 2004
|t 0
|l Remote Storage
|